000 00401nam a22001577a 4500
003 OSt
005 20211008153531.0
008 211008b |||||||| |||| 00| 0 eng d
020 _a019926998=x
040 _aHU
_cDDC
082 _a342.41/ELL
245 _aAdministrative law text and materials
260 _aNew York
_bOxford university press
_c2005
300 _aix,761p,30cm
942 _2ddc
_cBOOKS
_n0
999 _c10920
_d10920